00547nam a22001817a 450000500170000001000440001702000260006103500140008703500170010103700240011803700130014208200080015510000190016324500610018226000390024327000620028230000210034420180703152446.0 a1718EN-30 ENG-121825 B-688312-318 c115.00a9788126051786 aEN-105357 aB-688312-318 bSahitya Akadmiadpl bDBAD/PUB a881 aKhanna, Anita  aThe dowry and other Japanese stories /cby Anita Khanna  aNew Delhi bSahitya Academi c2016 bNew Delhi aRabindra Bhawan, 35, Fiiroz Shah Marge110001 a117p.c21cm(pbk)